000 00686nam a2200301Ia 4500
008 160321s9999||||xx |||||||||||||| ||und||
040 _cEnglish
082 _aXI.A/Roy
082 _bBORI-85505
100 _aM. N Roy
245 _aIndia and War
250 _bFirst
260 _aLucknow
260 _bRadical Democratic Party
260 _c1942
300 _a585+lvi
300 _cA
300 _eHardbound
530 _u00076524.pdf
563 _aStudy
600 _aM. N Roy
630 _aIndia and War
650 _aGeneral Indology
650 _aPolitics History and Historiography
700 _aM. N Roy
730 _aIndia and War
942 _cBOOK
999 _c1371099
_d1371096